Additional Medicare refinements to the Balanced Budget Act of 1997 : hearing before the Subcommittee on Health of the Committee on Ways and Means, House of Representatives, One Hundred Sixth Congress, second session, July 25, 2000.

Bibliographic Details
Corporate Authors: United States. Congress. House. Committee on Ways and Means. Subcommittee on Health, ProQuest (Firm)
Format: Government Document eBook
Language:English
Published: Washington : U.S. G.P.O. : 2001.
Series:U.S. Congressional Hearings.
Subjects:
Online Access:Connect to the full text of this electronic book

MARC

Tag First Indicator Second Indicator Subfields
LEADER 00000cam a22000001a 4500
001 in00003262000
006 m d f
007 cr bn mmmapmmp
008 090922s2001 dcua ob f000 0 eng d
005 20260504163549.5
035 |a cis2007472882 
040 |a UMI  |c UMI  |d UtOrBLW 
043 |a n-us--- 
074 |a 1028-A 
074 |a 1028-A (online) 
074 |a 1028-B (MF) 
074 |a 1028-B (online) 
086 0 |a Y 4.W 36:106-112 
088 |a Serial 106-112 (United States. Congress. House. Committee on Ways and Means) 
099 |a HRG-2000-WAM-0047 
110 1 |a United States.  |b Congress.  |b House.  |b Committee on Ways and Means.  |b Subcommittee on Health. 
245 1 0 |a Additional Medicare refinements to the Balanced Budget Act of 1997 :  |b hearing before the Subcommittee on Health of the Committee on Ways and Means, House of Representatives, One Hundred Sixth Congress, second session, July 25, 2000. 
264 1 |a Washington :  |b U.S. G.P.O. :  |c 2001. 
264 2 |a Washington :  |b For sale by the U.S. G.P.O., Supt. of Docs., Congressional Sales Office, 
300 |a 1 online resource. 
336 |a text  |b txt  |2 rdacontent 
337 |a computer  |b c  |2 rdamedia 
338 |a online resource  |b cr  |2 rdacarrier 
500 |a Record is based on bibliographic data in ProQuest Congressional Hearings Digital Collection. Reuse except for individual research requires license from ProQuest, LLC. 
504 |a Includes bibliographical references. 
530 |a Also available via Internet from the GPO Access web site. Addresses as of 8/8/01: http://frwebgate.access.gpo.gov/cgi-bin/useftp.cgi?IPaddress=162- .140.64.21&file name=71743.wais&directory=/diskb/wais/data/106 house hearings (text version), http://frwebgate.access.gpo.gov/cgi-bin/useftp.cgi?IPaddress=162- .140.64.21&file name=71743.pdf&directory=/diskb/wais/data/106 house hearings (PDF version); current access is available via PURLs. 
538 |a System requirements: PDF reader software. 
500 |a Electronic resource. 
650 0 |a Medicare  |x Law and legislation. 
650 0 |a Medicare  |x Finance. 
655 7 |a Electronic books.  |2 local 
710 2 |a ProQuest (Firm) 
776 0 8 |i Print version:  |a United States. Congress. House. Committee on Ways and Means. Subcommittee on Health.  |t Additional Medicare refinements to the Balanced Budget Act of 1997  |w (DLC)2001344009  |w (OCoLC)ocm47746872  |w (GPO)apn2001-038571 
776 0 8 |i Microfiche version:  |a United States. Congress. House. Committee on Ways and Means. Subcommittee on Health.  |t Additional Medicare refinements to the Balanced Budget Act of 1997.  |d [Bethesda, Md.] : ProQuest,[2004]  |o CIS 2001 H781-65  |w (ProQuest)cis00101287 
830 0 |a U.S. Congressional Hearings. 
856 4 0 |u http://proxy.library.tamu.edu/login?url=https://congressional.proquest.com/congcomp/getdoc?HEARING-ID=HRG-2000-WAM-0047  |z Connect to the full text of this electronic book  |t 0 
998 |a cis00101287 
999 |a MARS 
999 f f |s b1964453-7409-319f-8148-0478c411cc18  |i 28f2618d-a5d2-3bc9-b1e4-376e73fe932c  |t 0 
952 f f |a Texas A&M University  |b College Station  |c Electronic Resources  |s www_evans  |d Available Online  |t 0  |e HRG-2000-WAM-0047  |h Other scheme 
998 f f |a HRG-2000-WAM-0047  |t 0  |l Available Online